000 01398cam a2200313 a 4500
999 _c9757
_d9757
001 9757
003 BD-JhCC
005 20180325111927.0
008 180325s2002 nyua be 001 0 eng
020 _a0079136656 (set : acidfree paper)
035 _a(BD-JhCC)9757
040 _aDLC
_cDLC
_dDLC
_dBD-JhCC
041 _aeng
050 0 0 _aQ121
_b.M3 2002
082 0 0 _a503
_221
_bMCG 2002
245 0 0 _aMcGraw-Hill encyclopedia of science & technology :
_ban international reference work in twenty volumes including an index /
246 3 0 _aEncyclopedia of science & technology
246 3 _aMcGraw-Hill encyclopedia of science and technology
246 3 _aEncyclopedia of science and technology
250 _a9th ed.
260 _aNew York :
_bMcGraw-Hill,
_cc2002.
300 _aVarious p. :
_bill. (some col.) ;
_c29 cm.
500 _aVol-1 : AAR-ANO; Vol-2: ANS-BIN; Vol-3 :BIO-CHA; Vol-4 : CHE-COS; Vol-5 : COT-EAT; Vol-6 : EBE-EYE; Vol-7 : FAB-GEN; Vol-8 : GEO-HYS; Vol-9 : ICE-LEV; Vol-10 : LIB-META; Vol-11 : METE-NIT; Vol-12: NOB-PAP; Vol-13 : PAR-PLAN; Vol-14: PLAS-QUI; Vol-15 : BAB-RYE; Vol-16 : SAB-SON; Vol-17 : SOR-SUP; Vol-18 : SUR-TYP; Vol-19 : ULC-ZYG; Vol-20 : INDEX;
504 _aIncludes bibliographical references and index.
650 0 _aScience
_vEncyclopedias.
650 0 _aTechnology
_vEncyclopedias.
942 _2ddc
_cREF